000
00234nam a2200097Ia 4500
008
170619s9999 xx 000 0 und d
100
_a
Proakis- John G.
245
0
_a
Digital Signal Processing
260
_b
Singapore; Pearson
260
_c
2004
546
_a
ENGLISH
999
_c
17171
_d
17171